| 000 | 003790000a22001570004500 | ||
|---|---|---|---|
| 020 | _a84-206-3096-9 | ||
| 041 | 0 | _aSPA | |
| 082 | 0 | 4 | _aG 823 G6192r |
| 100 | 1 | _aGolding, William (1911- ) | |
| 245 | 1 | 0 | _aRitos de paso / William Golding |
| 260 | _aMadird, EspaƱa : Alianza | ||
| 300 | _a278 Pag | ||
| 500 | _aTitulo original : Rites of passages | ||
| 001 | 10917 | ||
| 942 | _cBK | ||
| 999 |
_c40322 _d40322 |
||